| 000 | 01554cab a22002175a 4500 | ||
|---|---|---|---|
| 001 | L145563 | ||
| 008 | 081021e20080926xxk f v 000 0 eng d | ||
| 035 | _a(Sirsi) u145563 | ||
| 041 | 0 | _aeng | |
| 100 | 1 | _aRoss, Jonathan | |
| 245 | 0 | 0 | _aTerm warefare |
| 260 | _c2008 | ||
| 490 | 0 |
_aProperty Week _v73(39) 26 August 2008, 54(1) |
|
| 520 | _aSummarises the case of William Page v BNP Paribas, 4 September 2008. Words may not mean what they say if such an interpretation would go against business common sense. A claimant tenant sought to exercise its option to extend a lease on prime retail premises in London's West End by 10 years. The landlord argued that the tenant had lost this right by breaching the terms of the lease due to an invalid notice. The tenant paid by a company related to the tenant on its behalf, which the landlord argued meant that a third party had been allowed into occupation. Judgement was for the claimant: the lease terms had not been breached because the landlord was fully aware of the arrangement when the letting was agreed and the other party was simply acting as an agent for the claimant. Agreements have to be interpreted strictly, but not to the exclusion of common sense or commercial purpose. | ||
| 590 | _aKA | ||
| 650 | 2 | 4 | _aCOMPENSATION SCHEME LTD V WEST BROMWICH BUILDING SOCIETY (NO1) |
| 650 | 2 | 4 | _aWILLIAM PAGE V BNP PARIBAS |
| 651 | 4 |
_aEngland and Wales _y1543- |
|
| 690 | _aPROPERTY-COMMERCIAL PROPERTY-LEASEHOLD COMMERCIAL PROPERTY-COMMERCIAL LANDLORD AND TENANT-COMMERCIAL LEASES | ||
| 942 | _n0 | ||
| 999 |
_c80877 _d80877 |
||